Digital systems : (Record no. 197108)

000 -LEADER
fixed length control field 01142 a2200205 4500
003 - CONTROL NUMBER IDENTIFIER
control field Nust
005 - DATE AND TIME OF LATEST TRANSACTION
control field 20221122114717.0
020 ## - INTERNATIONAL STANDARD BOOK NUMBER
International Standard Book Number 0-13-700510-5 (inb.)
040 ## - CATALOGING SOURCE
Transcribing agency Nust
082 ## - DEWEY DECIMAL CLASSIFICATION NUMBER
Classification number 621.381,TOC
100 1# - MAIN ENTRY--PERSONAL NAME
Personal name Tocci, Ronald J.
9 (RLIN) 66452
245 00 - TITLE STATEMENT
Title Digital systems :
Remainder of title principles and applications /
Statement of responsibility, etc. Ronald J. Tocci, Neal S. Widmer
250 ## - EDITION STATEMENT
Edition statement 7th ed.
260 ## - PUBLICATION, DISTRIBUTION, ETC.
Place of publication, distribution, etc. Upper Saddle River, N.J. :
Name of publisher, distributor, etc. Prentice Hall,
Date of publication, distribution, etc. cop. 1997
300 ## - PHYSICAL DESCRIPTION
Extent 898p
Other physical details ill. ;
Dimensions 24cm
505 ## - FORMATTED CONTENTS NOTE
Formatted contents note Introductory to Concepts (Page-2), Number Systems and Cods (Page-24), Logic Gates and Boolean Algebra (Page-56), Combinational Logic Circuits (Page-112), Flip Flops and Related Devices (Page-180), Digital Arithmetic :Operations and Circuits (Page-262), Counters and Register (Page-318), Integrated Circuits Logic Families (Page-414), MSI Logic Circuits (Page-510), Interfacing with the Analog World (Page-602), Memory Devices (Page-670), Application of a Programmable Logic Devices (Page-772), Introduction to the Microprocessor and Microcomputers (Page-804).
650 #7 - SUBJECT ADDED ENTRY--TOPICAL TERM
Topical term or geographic name entry element Telecommunication Engineering
700 1# - ADDED ENTRY--PERSONAL NAME
Personal name Widmer, Neal S.
9 (RLIN) 103326
942 ## - ADDED ENTRY ELEMENTS (KOHA)
Source of classification or shelving scheme
Koha item type Book
Holdings
Withdrawn status Lost status Source of classification or shelving scheme Damaged status Not for loan Permanent Location Current Location Shelving location Date acquired Full call number Barcode Date last seen Price effective from Koha item type Public note
          Military College of Signals (MCS) Military College of Signals (MCS) General Stacks 12/12/2016 621.381,TOC MCS27073 12/08/2016 12/12/2016 Book Almirah No.31, Shelf No.6
© 2023 Central Library, National University of Sciences and Technology. All Rights Reserved.